000 00959nam a2200217 i 4500
001 24934
003 ES-MaACL
005 20250728141539.0
007 t|
008 021219m19451956sp ||||1| spa d
100 1 _aAngulo Iñiguez, Diego.
_921788
245 1 0 _aHistoria del arte hispano-americano /
_cDiego Angulo Iñiguez.
250 _a[1ª ed.].
260 _aBarcelona, etc. :
_bSalvat,
_c1945-1956 (
_fImprenta Hispano-Americana)
300 _a3 v. ;
_c26 cm.
505 8 _aContiene: T. I. Los capítulos once a diecisiete / por Enrique Marco Dorta -- T. II. Los capítulos III, VI y XII / por Enrique Marco Dorta. el capítulo VII / por Mario J. Buschiazzo -- T. III. Los capítulos IV al XII / por Enrique Marco Dorta. Los capítulos XIII al XVIII / por Mario J. Buschiazzo
700 1 _aMarco Dorta, Enrique,
_d1911-1980
_976479
700 1 _aBuschiazzo, Mario J.
_932811
852 _aES-MaACL
_jC-56325-7
_bR.21739
999 _c24934
_d24934